000 00888nam a22002177a 4500
001 EIF-IV-1999-M4-014
003 OSt
005 20221108200150.0
008 221108b |||||||| |||| 00| 0 eng d
040 _aFundación Jesús Pereda
_cFundación Jesús Pereda
041 _aCastellano
100 _uUniversidad de Granada
_aOrtega López, Teresa María
_915
111 _aEncuentro de Investigadores del Franquismo
_c(Valencia.
_d1999.
_n4º)
_996
245 _aEl sector de la construcción granadino:
_bdel silencio a la protesta,
_f1940-1975
_c/Teresa María Ortega López
650 0 _9223
_aSituación laboral
650 0 _9122
_aClase obrera
651 0 _9236
_aGranada
773 _tActas del IV Encuentro de Investigadores del Franquismo
_g530-540 p.
856 _uhttps://bibliotecaccoocyl.fundacionjesuspereda.es/cgi-bin/koha/opac-retrieve-file.pl?id=036e6396fdb82ab083e1ec06434fc45c
942 _2ddc
_cCF
_n0
999 _c194
_d194